000 006390000a22002290004500
003 LK-CoMWRAF
005 20231024094221.0
008 230817t1998 ||||| |||| 00| 0 eng d
020 _a8125905073
040 _aLK-CoMWRAF
_dLK-CoMWRAF
_eLK-CoMWRAF
041 _aeng
082 _a323.34
_bTHI
100 _aThiruchandran, Selvy
245 _aThe spectrum of femininity:
_ba process of deconstruction
260 _aNew Delhi:
_bVikas,
_c1998
300 _ax, 149 p
_bGlossary and Index included
650 _aFEMINISM
650 _aWomen Discrimination
650 _aSex Discrimination
650 _aEquality Rights
942 _cBK
999 _c1681
_d1681